[Event "Xtracon Open 2019"]
[Site "Helsingor"]
[Date "2019.07.21"]
[Round "3.1"]
[White "Pantzar, Milton"]
[Black "Lundberg, Roland"]
[Result "1-0"]
[WhiteElo "2357"]
[BlackElo "1958"]
[Annotator "TA"]
[PlyCount "99"]
[EventDate "2019.07.19"]
[EventType "swiss"]
[EventCountry "DEN"]
[SourceTitle "playchess.com"]
[Source "ChessBase"]
[SourceQuality "1"]

1. d4 e6 2. c4 f5 3. g3 Nf6 4. Bg2 d5 5. Nd2 Be7 6. Ngf3 O-O 7. O-O c6 8. b3 Qe8 9. Bb2 Nbd7 10. Qc1 Ng4 11. Ba3 Rf6 12. Bxe7 Qxe7 13. Qc2 Nf8 14. h3 Nh6 15. Ne5 Nf7 16. Nxf7 Rxf7 17. f4 Bd7 18. Nf3 Ng6 19. c5 Be8 20. b4 h6 21. a4 Qc7 22. e3 Nf8 23. Ne5 Re7 24. g4 g6 25. Bf3 Nd7 26. Nd3 g5 27. gxf5 exf5 28. Ne5 Nxe5 29. fxe5 Qd7 30. Rf2 Rg7 31. Be2 Bg6 32. Bd3 Rf8 33. Raf1 Rgf7 34. Kh2 Qe6 35. b5 Kh7 36. Qb1 h5 37. h4 g4 38. Kg3 Kh6 39. Rf4 Qc8 40. R1f2 b6 41. Rc2 Rc7 42. cxb6 axb6 43. Qc1 c5 44. a5 c4 45. axb6 Rb7 46. e4 dxe4 47. Bxe4 Rxb6 48. Rxc4 Qe6 49. Bxf5 Rxf5 50. Rxf5+ 1-0

[Event "Xtracon Open 2019"]
[Site "Helsingor"]
[Date "2019.07.21"]
[Round "3.1"]
[White "Valkama, Eero"]
[Black "Heinsohn, Michael"]
[Result "1/2-1/2"]
[WhiteElo "2286"]
[BlackElo "1959"]
[Annotator "NA"]
[PlyCount "81"]
[EventDate "2019.07.19"]
[EventType "swiss"]
[EventCountry "DEN"]
[SourceTitle "playchess.com"]
[Source "ChessBase"]
[SourceQuality "1"]

1. e4 e6 2. d4 d5 3. Nd2 c5 4. exd5 exd5 5. Ngf3 Nc6 6. Bb5 Bd6 7. dxc5 Bxc5 8. O-O Nge7 9. Nb3 Bd6 10. Re1 O-O 11. c3 Qc7 12. h3 Bd7 13. Be3 Rad8 14. Bc5 Bxc5 15. Nxc5 Bc8 16. Bxc6 Nxc6 17. Nb3 Qf4 18. Nbd4 Rd6 19. Qc1 Qf6 20. Qe3 a6 21. Rad1 Qg6 22. Kh2 h6 23. Ne5 Nxe5 24. Qxe5 Rfd8 25. Re3 Qf6 26. Qg3 Qg6 27. Qf3 Be6 28. Qe2 Rb6 29. f4 Bf5 30. Nf3 Qf6 31. g3 Be4 32. Ne5 h5 33. Nc4 dxc4 34. Rxd8+ Qxd8 35. Rxe4 Qd7 36. Rxc4 Rd6 37. Rd4 Rxd4 38. cxd4 Qxd4 39. f5 h4 40. gxh4 Qf4+ 41. Kg2 1/2-1/2

[Event "Xtracon Open 2019"]
[Site "Helsingor"]
[Date "2019.07.21"]
[Round "3.1"]
[White "Ask, Josef"]
[Black "Undheim, Bjarne"]
[Result "1-0"]
[WhiteElo "2149"]
[BlackElo "1892"]
[Annotator "NA"]
[PlyCount "91"]
[EventDate "2019.07.19"]
[EventType "swiss"]
[EventCountry "DEN"]
[SourceTitle "playchess.com"]
[Source "ChessBase"]
[SourceQuality "1"]

1. e4 d5 2. Nc3 d4 3. Nce2 e5 4. Ng3 Bd6 5. Bc4 Ne7 6. Qh5 Ng6 7. Nf5 O-O 8. Ne2 Be6 9. d3 Qd7 10. O-O Nc6 11. Qg4 Na5 12. h4 Nxc4 13. dxc4 Bxf5 14. exf5 f6 15. Qe4 Ne7 16. Ng3 Rf7 17. Qxb7 Qc6 18. Qxc6 Nxc6 19. Bd2 Re7 20. Ne4 Ree8 21. f3 Bb4 22. Rfd1 Bxd2 23. Rxd2 Kf7 24. h5 Ne7 25. g4 g6 26. fxg6+ hxg6 27. Rh2 gxh5 28. Rxh5 Rh8 29. Kf2 Rxh5 30. gxh5 Nf5 31. Rg1 Ne7 32. b4 Rh8 33. Rh1 Nf5 34. c5 Rh6 35. a4 Ke6 36. b5 Kd5 37. a5 Ne7 38. b6 Kc6 39. Rb1 axb6 40. cxb6 cxb6 41. axb6 Kb7 42. Nc5+ Kb8 43. b7 Nc6 44. Rb6 f5 45. Na6+ Ka7 46. b8=Q+ 1-0

[Event "Xtracon Open 2019"]
[Site "Helsingor"]
[Date "2019.07.21"]
[Round "3.2"]
[White "Hammer, Jon Ludvig"]
[Black "Klings, Peter"]
[Result "1-0"]
[WhiteElo "2637"]
[BlackElo "2105"]
[Annotator "TA"]
[PlyCount "73"]
[EventDate "2019.07.19"]
[EventType "swiss"]
[EventCountry "DEN"]
[SourceTitle "playchess.com"]
[Source "ChessBase"]
[SourceQuality "1"]

1. e4 c6 2. Nf3 d5 3. Nc3 dxe4 4. Nxe4 Nf6 5. Qe2 Nxe4 6. Qxe4 Qd5 7. Qh4 Qe6+ 8. Be2 Qg4 9. Qg3 Qxg3 10. hxg3 Nd7 11. g4 g6 12. d4 Bg7 13. Bh6 Kf8 14. g5 Nb6 15. Ne5 Bxh6 16. gxh6 f6 17. Nc4 Be6 18. Na5 Rb8 19. O-O-O Kf7 20. c4 Rhc8 21. f4 Nd7 22. Bf3 Rc7 23. Rhe1 Nf8 24. b4 Bd7 25. Kb2 b6 26. Nb3 a5 27. bxa5 bxa5 28. Kc3 Ne6 29. d5 Nxf4 30. d6 exd6 31. Rxd6 Re8 32. Red1 Re3+ 33. Kb2 Bf5 34. Nxa5 Nd3+ 35. Ka1 Ne1 36. Bxc6 Ra7 37. Bd5+ 1-0

[Event "Xtracon Open 2019"]
[Site "Helsingor"]
[Date "2019.07.21"]
[Round "3.2"]
[White "Gandrud, Vegar Koi"]
[Black "Korobov, Anton"]
[Result "0-1"]
[WhiteElo "2351"]
[BlackElo "2687"]
[Annotator "TA"]
[PlyCount "75"]
[EventDate "2019.07.19"]
[EventType "swiss"]
[EventCountry "DEN"]
[SourceTitle "playchess.com"]
[Source "ChessBase"]
[SourceQuality "1"]

1. d4 d5 2. c4 e6 3. Nf3 c6 4. g3 dxc4 5. Bg2 b5 6. O-O Bb7 7. Ne5 Nf6 8. b3 cxb3 9. axb3 Be7 10. Nc3 a6 11. e3 O-O 12. Qc2 Nbd7 13. Bxc6 Qc8 14. Bxb7 Qxb7 15. Nxd7 Qxd7 16. Ne4 Nxe4 17. Qxe4 a5 18. Rd1 Rfd8 19. Rd2 a4 20. Rda2 f5 21. Qd3 Rdc8 22. bxa4 Rxa4 23. Rxa4 bxa4 24. Ba3 Bf6 25. Qa6 h5 26. Qd6 Qe8 27. h4 Rc6 28. Qf4 Rc3 29. Qd6 Kh7 30. Rb1 Qg6 31. Qf8 Rxe3 32. Rb8 Rxg3+ 33. fxg3 Qxg3+ 34. Kf1 Qd3+ 35. Kg2 Qe2+ 36. Kh3 Qg4+ 37. Kh2 Qxh4+ 38. Kg2 0-1

[Event "Xtracon Open 2019"]
[Site "Helsingor"]
[Date "2019.07.21"]
[Round "3.2"]
[White "Heimisson, Hilmir Freyr"]
[Black "Skovgaard, Tom"]
[Result "1-0"]
[WhiteElo "2279"]
[BlackElo "1954"]
[Annotator "NA"]
[PlyCount "77"]
[EventDate "2019.07.19"]
[EventType "swiss"]
[EventCountry "DEN"]
[SourceTitle "playchess.com"]
[Source "ChessBase"]
[SourceQuality "1"]

1. c4 e5 2. g3 Nf6 3. Bg2 d5 4. cxd5 Nxd5 5. Nc3 Nf6 6. Nf3 Nc6 7. a3 a6 8. b4 Bd6 9. O-O O-O 10. Bb2 Re8 11. d3 Bg4 12. h3 Bd7 13. Rc1 Qe7 14. e3 Rad8 15. Qe2 h6 16. Rfd1 a5 17. b5 Na7 18. a4 c6 19. d4 cxb5 20. dxe5 Bxe5 21. Nxe5 Qxe5 22. Nd5 Qg5 23. Bxf6 gxf6 24. h4 Qe5 25. Nxf6+ Qxf6 26. Rxd7 Rxd7 27. Qg4+ Kf8 28. Qxd7 Qe7 29. Qd4 Qa3 30. Rc7 Kg8 31. Qg4+ Kh8 32. Qd4+ Kg8 33. Qxa7 Qxa4 34. Qxb7 Qd1+ 35. Kh2 Qh5 36. Bd5 Rf8 37. Qxb5 Qd1 38. Bxf7+ Rxf7 39. Qe8+ 1-0

[Event "Xtracon Open 2019"]
[Site "Helsingor"]
[Date "2019.07.21"]
[Round "3.2"]
[White "Jacobsen, Per Wurtz"]
[Black "Rendlev, Niels Moller"]
[Result "1-0"]
[WhiteElo "2016"]
[BlackElo "1721"]
[Annotator "NA"]
[PlyCount "90"]
[EventDate "2019.07.19"]
[EventType "swiss"]
[EventCountry "DEN"]
[SourceTitle "playchess.com"]
[Source "ChessBase"]
[SourceQuality "1"]

1. d4 d5 2. e3 c6 3. Bd3 f5 4. f4 Nf6 5. c3 e6 6. Nf3 Be7 7. O-O O-O 8. Nbd2 Ne4 9. Ne5 Bd7 10. Nxe4 fxe4 11. Bc2 Be8 12. Qg4 Qd6 13. c4 Nd7 14. Bd2 Nf6 15. Qe2 Rd8 16. c5 Qc7 17. Rac1 h6 18. Qe1 Nd7 19. Ng4 Nf6 20. Ne5 Nd7 21. Ng4 Bf6 22. Ba4 Rc8 23. Ba5 b6 24. cxb6 Nxb6 25. Bb3 Qf7 26. Qg3 Qg6 27. Qh3 h5 28. Nf2 Bd7 29. Bxb6 axb6 30. Rc3 Rc7 31. Rc2 Bd8 32. Rfc1 e5 33. Qg3 Qxg3 34. hxg3 Be6 35. Rxc6 Rxc6 36. Rxc6 Kf7 37. Rd6 exd4 38. exd4 Bc7 39. Rc6 e3 40. Rxc7+ Kf6 41. Nd3 Kf5 42. Ne1 g5 43. Rc6 gxf4 44. gxf4 Rg8 45. Bc2+ Kf6 1-0

[Event "Xtracon Open 2019"]
[Site "Helsingor"]
[Date "2019.07.21"]
[Round "3.3"]
[White "Sargissian, Gabriel"]
[Black "Jacobsen, Mikkel Manosri"]
[Result "1-0"]
[WhiteElo "2681"]
[BlackElo "2343"]
[Annotator "TA"]
[PlyCount "59"]
[EventDate "2019.07.19"]
[EventType "swiss"]
[EventCountry "DEN"]
[SourceTitle "playchess.com"]
[Source "ChessBase"]
[SourceQuality "1"]

1. d4 d5 2. c4 e6 3. Nf3 Nf6 4. g3 Bb4+ 5. Bd2 Be7 6. Bg2 O-O 7. O-O Nbd7 8. a4 c6 9. a5 Ne4 10. Nc3 f5 11. Qc2 g5 12. Rfd1 Bf6 13. Be1 Qe7 14. e3 h5 15. b4 Qg7 16. b5 g4 17. Nd2 Ndc5 18. Ndxe4 Nxe4 19. a6 Qd7 20. bxc6 bxc6 21. Rdb1 Ng5 22. cxd5 exd5 23. Ne2 Qe8 24. Nf4 Bd7 25. Bb4 Bd8 26. Bxf8 Kxf8 27. Rb7 Bc8 28. Qc5+ Kg8 29. Rxa7 Rb8 30. Qd6 1-0

[Event "Xtracon Open 2019"]
[Site "Helsingor"]
[Date "2019.07.21"]
[Round "3.3"]
[White "Guindy, Esmat Susanne"]
[Black "Hansen, Sune Berg"]
[Result "0-1"]
[WhiteElo "2132"]
[BlackElo "2575"]
[Annotator "ChessBase"]
[PlyCount "62"]
[EventDate "2019.07.19"]
[EventType "swiss"]
[EventCountry "DEN"]
[SourceTitle "playchess.com"]
[Source "ChessBase"]
[SourceQuality "1"]

1. c4 g6 2. Nf3 Bg7 3. d4 Nf6 4. g3 O-O 5. Bg2 d6 6. O-O Nbd7 7. Nc3 e5 8. e4 exd4 9. Nxd4 Re8 10. h3 Nc5 11. Re1 Bd7 12. b4 Ne6 13. Nc2 a5 14. b5 Nc5 15. Rb1 Be6 16. Bf1 Qc8 17. Kh2 Nfd7 18. Bb2 Nb6 19. Na3 Qd8 20. Qd2 h5 21. Rbd1 h4 22. g4 g5 23. Nd5 Bxd5 24. exd5 Rxe1 25. Rxe1 Bxb2 26. Qxb2 Nbd7 27. Nc2 Ne5 28. Re3 Qf6 29. Nd4 c6 30. dxc6 bxc6 31. Qe2 Qf4+ 0-1

[Event "Xtracon Open 2019"]
[Site "Helsingor"]
[Date "2019.07.21"]
[Round "3.3"]
[White "Green, Per"]
[Black "Olsson, Linus"]
[Result "0-1"]
[WhiteElo "1959"]
[BlackElo "2242"]
[Annotator "NA"]
[PlyCount "61"]
[EventDate "2019.07.19"]
[EventType "swiss"]
[EventCountry "DEN"]
[SourceTitle "playchess.com"]
[Source "ChessBase"]
[SourceQuality "1"]

1. Nf3 g6 2. c4 Bg7 3. Nc3 c5 4. e3 Nf6 5. d4 cxd4 6. Nxd4 O-O 7. Be2 d5 8. O-O dxc4 9. Bxc4 Bd7 10. Qb3 Qc8 11. Bd2 Nc6 12. Nxc6 Bxc6 13. Rac1 Qg4 14. f3 Qg5 15. Rf2 Rad8 16. Qc2 Bh6 17. Rd1 Qc5 18. Bb3 Bxe3 19. Bxe3 Qxe3 20. Kf1 e6 21. Re2 Qf4 22. Kg1 Rd4 23. Rxd4 Qxd4+ 24. Kf1 Rd8 25. Qc1 b5 26. Qe3 b4 27. Qxd4 Rxd4 28. Ba4 bxc3 29. Bxc6 Rc4 30. Be4 Nxe4 31. Ke1 0-1

[Event "Xtracon Open 2019"]
[Site "Helsingor"]
[Date "2019.07.21"]
[Round "3.3"]
[White "Jacobsen, Heidrikur T."]
[Black "Le Besq, Alexander"]
[Result "0-1"]
[WhiteElo "1885"]
[BlackElo "2149"]
[Annotator "NA"]
[PlyCount "62"]
[EventDate "2019.07.19"]
[EventType "swiss"]
[EventCountry "DEN"]
[SourceTitle "playchess.com"]
[Source "ChessBase"]
[SourceQuality "1"]

1. d4 Nf6 2. c4 e6 3. Nc3 d5 4. Nf3 Be7 5. Bf4 O-O 6. e3 c6 7. cxd5 exd5 8. Bd3 b6 9. Ne5 Bb7 10. g4 c5 11. g5 Ne4 12. h4 cxd4 13. exd4 Nc6 14. Nxc6 Bxc6 15. Bxe4 dxe4 16. d5 Bb7 17. d6 e3 18. Rg1 exf2+ 19. Kxf2 Qb8 20. Kg3 Bd8 21. Nd5 Qc8 22. Nc7 Bxc7 23. dxc7 Qf5 24. Qd4 f6 25. Raf1 Bc8 26. Bd6 Qh3+ 27. Kf2 Rf7 28. gxf6 Bb7 29. Qf4 Re8 30. Rxg7+ Rxg7 31. fxg7 Qg2# 0-1

[Event "Xtracon Open 2019"]
[Site "Helsingor"]
[Date "2019.07.21"]
[Round "3.4"]
[White "Vaishali R"]
[Black "Sevian, Samuel"]
[Result "*"]
[WhiteElo "2344"]
[BlackElo "2667"]
[Annotator "TA"]
[PlyCount "48"]
[EventDate "2019.07.19"]
[EventType "swiss"]
[EventCountry "DEN"]
[SourceTitle "playchess.com"]
[Source "ChessBase"]
[SourceQuality "1"]

1. e4 e5 2. Nf3 Nc6 3. Bb5 g6 4. c3 a6 5. Ba4 Bg7 6. d4 exd4 7. cxd4 b5 8. Bc2 d6 9. d5 Na5 10. O-O Nc4 11. Nc3 Nf6 12. Nd4 O-O 13. b3 Nb6 14. a4 bxa4 15. bxa4 a5 16. Rb1 Bd7 17. h3 Re8 18. Nc6 Qc8 19. Qd3 Qb7 20. Nd4 Re7 21. Bg5 h6 22. Bxf6 Bxf6 23. f4 Qa6 24. Ndb5 Rd8 *

[Event "Xtracon Open 2019"]
[Site "Helsingor"]
[Date "2019.07.21"]
[Round "3.4"]
[White "Grove, Peter"]
[Black "Nielsen, Aage Sondergaard"]
[Result "1-0"]
[WhiteElo "2239"]
[BlackElo "1936"]
[Annotator "NA"]
[PlyCount "105"]
[EventDate "2019.07.19"]
[EventType "swiss"]
[EventCountry "DEN"]
[SourceTitle "playchess.com"]
[Source "ChessBase"]
[SourceQuality "1"]

1. d4 e6 2. e4 d5 3. Nd2 Nf6 4. e5 Nfd7 5. Bd3 c5 6. c3 Nc6 7. Ne2 Qc7 8. O-O Be7 9. Nf3 h6 10. Ng3 g6 11. Be3 b6 12. Qd2 Bf8 13. Rac1 c4 14. Bb1 Ba6 15. Rfe1 O-O-O 16. b3 Ne7 17. Qb2 Nf5 18. Nd2 Be7 19. bxc4 Nxe3 20. Rxe3 dxc4 21. Nge4 Bb7 22. Rf3 Rhf8 23. a4 a6 24. Qa2 Bd5 25. Re3 Kb8 26. Bc2 Ka7 27. Bd1 Rb8 28. Bf3 Rfc8 29. Ra1 h5 30. Nb1 Ra8 31. Na3 Kb8 32. Qb2 Ra7 33. Nc2 Bb7 34. Ree1 Ka8 35. Qc1 Nb8 36. Qh6 Nc6 37. Ne3 Na5 38. Qf4 f5 39. Ng5 Qd7 40. Rad1 Bxg5 41. Bxb7+ Rxb7 42. Qxg5 Qe8 43. d5 exd5 44. Nxd5 Nc6 45. e6 Ne7 46. Nf6 Qc6 47. Qe3 Rcc7 48. h4 Qxa4 49. Ra1 Qc6 50. Rxa6+ Kb8 51. Rd1 Qb5 52. Nd7+ Rxd7 53. exd7 1-0

[Event "Xtracon Open 2019"]
[Site "Helsingor"]
[Date "2019.07.21"]
[Round "3.4"]
[White "Sigeman, Johan"]
[Black "Salomon, Johan"]
[Result "0-1"]
[WhiteElo "2120"]
[BlackElo "2514"]
[Annotator "ChessBase"]
[PlyCount "44"]
[EventDate "2019.07.19"]
[EventType "swiss"]
[EventCountry "DEN"]
[SourceTitle "playchess.com"]
[Source "ChessBase"]
[SourceQuality "1"]

1. Nf3 d5 2. d4 Nf6 3. g3 c5 4. Bg2 cxd4 5. O-O h6 6. Bf4 Nbd7 7. Qxd4 g5 8. Be5 Bg7 9. Nc3 O-O 10. Bxf6 Nxf6 11. Rad1 e6 12. Qd3 Qb6 13. Qb5 Nd7 14. Qb3 Nc5 15. Qa3 a5 16. Ne1 Qb4 17. Nd3 Qxa3 18. bxa3 b6 19. Nb1 Ba6 20. Nd2 Na4 21. e4 dxe4 22. Bxe4 Rac8 0-1

[Event "Xtracon Open 2019"]
[Site "Helsingor"]
[Date "2019.07.21"]
[Round "3.4"]
[White "Jensen, Johannes Frank"]
[Black "Sandbech, Ted Henrik"]
[Result "0-1"]
[WhiteElo "1347"]
[BlackElo "1687"]
[Annotator "NA"]
[PlyCount "86"]
[EventDate "2019.07.19"]
[EventType "swiss"]
[EventCountry "DEN"]
[SourceTitle "playchess.com"]
[Source "ChessBase"]
[SourceQuality "1"]

1. d4 d5 2. Nc3 Nf6 3. Nf3 Bf5 4. Bf4 c6 5. e3 h6 6. Bd3 Bxd3 7. Qxd3 e6 8. a3 Be7 9. O-O O-O 10. Ne2 Nbd7 11. Ne5 Rc8 12. Ng3 Qb6 13. Nh5 Nxe5 14. Nxf6+ Bxf6 15. dxe5 Be7 16. Rab1 c5 17. e4 dxe4 18. Qg3 Kh7 19. Be3 Qc6 20. c4 f5 21. exf6 Rxf6 22. Rfe1 Bd6 23. Qh4 Rcf8 24. Bd2 Rxf2 25. Be3 R2f5 26. Rbd1 Bf4 27. Kh1 Bxe3 28. h3 Bg5 29. Qg4 e3 30. Qe2 Kh8 31. Rf1 Rf2 32. Rxf2 exf2 33. Rf1 Qd6 34. Rxf2 Rxf2 35. Qxf2 Bf4 36. Qf3 Qd2 37. Qf1 Qc1 38. Kg1 Be3+ 39. Kh1 Qxf1+ 40. Kh2 Bf4+ 41. g3 Qf2+ 42. Kh1 Bxg3 43. h4 Qh2# 0-1

[Event "Xtracon Open 2019"]
[Site "Helsingor"]
[Date "2019.07.21"]
[Round "3.5"]
[White "Kjartansson, Gudmundur"]
[Black "Molvig, Henrik"]
[Result "1-0"]
[WhiteElo "2470"]
[BlackElo "2099"]
[Annotator "ChessBase"]
[PlyCount "65"]
[EventDate "2019.07.19"]
[EventType "swiss"]
[EventCountry "DEN"]
[SourceTitle "playchess.com"]
[Source "ChessBase"]
[SourceQuality "1"]

1. d4 Nf6 2. c4 e6 3. Nf3 b6 4. Bf4 Bb7 5. e3 Bb4+ 6. Nfd2 O-O 7. Nc3 Bxc3 8. bxc3 d6 9. Bd3 Nbd7 10. O-O Re8 11. Bg5 Qc8 12. f4 c5 13. e4 e5 14. fxe5 dxe5 15. d5 h6 16. Bxf6 Nxf6 17. Rxf6 gxf6 18. Qh5 Kg7 19. Nf1 Qd8 20. Ng3 Bc8 21. Rf1 Rh8 22. Be2 f5 23. Nxf5+ Bxf5 24. Rxf5 f6 25. Rf3 Rh7 26. Rg3+ Kh8 27. Bg4 Qe7 28. Bf5 Rg8 29. Rxg8+ Kxg8 30. Qg6+ Rg7 31. Qxh6 Kf8 32. Be6 Ke8 33. Qh5+ 1-0

[Event "Xtracon Open 2019"]
[Site "Helsingor"]
[Date "2019.07.21"]
[Round "3.5"]
[White "Gong, Patrick"]
[Black "Moiseenko, Alexander"]
[Result "*"]
[WhiteElo "2336"]
[BlackElo "2628"]
[Annotator "TA"]
[PlyCount "63"]
[EventDate "2019.07.19"]
[EventType "swiss"]
[EventCountry "DEN"]
[SourceTitle "playchess.com"]
[Source "ChessBase"]
[SourceQuality "1"]

1. g3 e5 2. Bg2 d5 3. d3 c5 4. c4 d4 5. Nf3 Nc6 6. O-O Bd6 7. a3 a5 8. a4 f5 9. Na3 Nf6 10. Nb5 h6 11. e3 O-O 12. exd4 cxd4 13. Re1 Re8 14. Nd2 Bb4 15. b3 e4 16. Ba3 e3 17. fxe3 dxe3 18. Bxb4 Nxb4 19. Nf1 f4 20. gxf4 Bg4 21. Bf3 Bxf3 22. Qxf3 Nc2 23. Rac1 Nxe1 24. Rxe1 Qd7 25. Ng3 Rad8 26. d4 Qe7 27. Nf5 Qb4 28. Rxe3 Rxe3 29. Qxe3 Re8 30. Qc3 Re1+ 31. Kg2 Re2+ 32. Kf1 *

[Event "Xtracon Open 2019"]
[Site "Helsingor"]
[Date "2019.07.21"]
[Round "3.5"]
[White "Andersen, Morten"]
[Black "Nilsson, Patrik"]
[Result "1/2-1/2"]
[WhiteElo "2212"]
[BlackElo "2223"]
[Annotator "NA"]
[PlyCount "39"]
[EventDate "2019.07.19"]
[EventType "swiss"]
[EventCountry "DEN"]
[SourceTitle "playchess.com"]
[Source "ChessBase"]
[SourceQuality "1"]

1. c4 g6 2. g3 Bg7 3. Bg2 Nf6 4. Nc3 O-O 5. e4 d6 6. Nge2 c6 7. O-O Nbd7 8. d3 e5 9. h3 a6 10. a4 a5 11. Be3 Re8 12. Qd2 Nc5 13. Rae1 Nfd7 14. f4 Nb3 15. Qd1 Nd4 16. Rf2 Nc5 17. Ref1 f5 18. Nc1 Be6 19. Kh2 Qd7 20. b3 1/2-1/2

[Event "Xtracon Open 2019"]
[Site "Helsingor"]
[Date "2019.07.21"]
[Round "3.5"]
[White "Klitgaard, Ebbe"]
[Black "Holm, Ragnar"]
[Result "0-1"]
[WhiteElo "1882"]
[BlackElo "2142"]
[Annotator "NA"]
[PlyCount "58"]
[EventDate "2019.07.19"]
[EventType "swiss"]
[EventCountry "DEN"]
[SourceTitle "playchess.com"]
[Source "ChessBase"]
[SourceQuality "1"]

1. c4 e6 2. Nc3 Nf6 3. g3 d5 4. cxd5 exd5 5. d4 Bd6 6. Bg2 c6 7. Nf3 h6 8. O-O Bf5 9. a4 O-O 10. b3 Qe7 11. e3 Na6 12. Bd2 Bd3 13. Re1 Nb4 14. Bf1 Bh7 15. Rc1 Nd3 16. Bxd3 Bxd3 17. Ra1 Bf5 18. Nh4 Bh7 19. Ng2 g5 20. h4 Qe6 21. hxg5 hxg5 22. e4 Qh3 23. e5 Ng4 24. Qf3 Bb4 25. Bxg5 Bxc3 26. Nf4 Be4 27. Nxh3 Bxf3 28. Rac1 Bxe1 29. Rxe1 f6 0-1

[Event "Xtracon Open 2019"]
[Site "Helsingor"]
[Date "2019.07.21"]
[Round "3.6"]
[White "Antonsen, Mikkel"]
[Black "Dew, Brian"]
[Result "1-0"]
[WhiteElo "2400"]
[BlackElo "2094"]
[Annotator "NA"]
[PlyCount "83"]
[EventDate "2019.07.19"]
[EventType "swiss"]
[EventCountry "DEN"]
[SourceTitle "playchess.com"]
[Source "ChessBase"]
[SourceQuality "1"]

1. d4 Nf6 2. c4 e6 3. Nf3 Bb4+ 4. Bd2 Qe7 5. g3 Nc6 6. a3 Bxd2+ 7. Qxd2 d6 8. Bg2 O-O 9. O-O a5 10. Nc3 e5 11. d5 Nb8 12. e4 a4 13. Qc2 Bd7 14. Ne1 Qe8 15. Nd3 Na6 16. f4 b6 17. h3 Nc5 18. fxe5 dxe5 19. Nxc5 bxc5 20. Nd1 Qe7 21. Kh2 Rfb8 22. Nf2 Rb3 23. Nd3 Ne8 24. Rf3 f6 25. Qf2 Ra5 26. Rc1 Qd6 27. Rc2 c6 28. Nc1 Rxf3 29. Bxf3 cxd5 30. cxd5 Nc7 31. Nd3 Na6 32. Bg4 Bxg4 33. hxg4 h6 34. Qf5 Rb5 35. Rc4 Rb3 36. Qc8+ Kh7 37. Rxa4 Nc7 38. Ra7 Rxd3 39. Rxc7 Rd2+ 40. Kh3 Rxb2 41. Qf5+ Kg8 42. Rc8+ 1-0

[Event "Xtracon Open 2019"]
[Site "Helsingor"]
[Date "2019.07.21"]
[Round "3.6"]
[White "Tryggestad, Andreas Garberg"]
[Black "Tari, Aryan"]
[Result "0-1"]
[WhiteElo "2336"]
[BlackElo "2620"]
[Annotator "ChessBase"]
[PlyCount "68"]
[EventDate "2019.07.19"]
[EventType "swiss"]
[EventCountry "DEN"]
[SourceTitle "playchess.com"]
[Source "ChessBase"]
[SourceQuality "1"]

1. d4 Nf6 2. c4 e6 3. Nf3 d5 4. Nc3 Bb4 5. Qb3 a5 6. a3 a4 7. Qc2 Bxc3+ 8. Qxc3 Ne4 9. Qc2 c5 10. e3 cxd4 11. cxd5 exd5 12. Nxd4 O-O 13. Bd3 Re8 14. O-O Bd7 15. Bd2 Na6 16. Bxe4 dxe4 17. Bc3 Nc5 18. Rad1 Qg5 19. Bb4 Nd3 20. Bd6 Rac8 21. Qd2 Qg6 22. Bg3 Be6 23. Rb1 Ba2 24. Ra1 Bc4 25. Rab1 h5 26. b3 axb3 27. Nxb3 Nc5 28. Nxc5 Bxf1 29. Nxb7 Bd3 30. Re1 Re6 31. Qb4 Rb6 32. Qe7 Qe6 33. Qxe6 fxe6 34. Nd6 Rcc6 0-1

[Event "Xtracon Open 2019"]
[Site "Helsingor"]
[Date "2019.07.21"]
[Round "3.6"]
[White "Rolvag, Birk Anders"]
[Black "Thorsbro, Peter"]
[Result "0-1"]
[WhiteElo "1956"]
[BlackElo "2199"]
[Annotator "NA"]
[PlyCount "90"]
[EventDate "2019.07.19"]
[EventType "swiss"]
[EventCountry "DEN"]
[SourceTitle "playchess.com"]
[Source "ChessBase"]
[SourceQuality "1"]

1. e4 e5 2. Nf3 Nc6 3. Bc4 Nf6 4. d3 Bc5 5. c3 O-O 6. Bb3 d6 7. O-O a6 8. Nbd2 Ba7 9. Re1 Re8 10. Nf1 Be6 11. Bc2 d5 12. Qe2 dxe4 13. dxe4 Ng4 14. Ne3 Nxe3 15. Bxe3 Bxe3 16. Qxe3 f6 17. Qc5 Qe7 18. Qxe7 Rxe7 19. Red1 Kf7 20. Bb3 Bxb3 21. axb3 Rd8 22. Rxd8 Nxd8 23. Rd1 Ne6 24. Kf1 Nc5 25. Nd2 Rd7 26. Ke2 Nd3 27. g3 Nxb2 28. Rb1 Nd3 29. b4 Nxf2 30. Rb2 Nh3 31. Nb3 c6 32. Nc5 Rc7 33. Rd2 Ng5 34. Rd8 Ne6 35. Rb8 Nxc5 36. bxc5 Rd7 37. Ke3 Kg6 38. h3 h6 39. Ke2 f5 40. Ke3 Kg5 41. exf5 Kxf5 42. g4+ Kg5 43. Re8 Kh4 44. Rxe5 Kxh3 45. Kf4 Rf7+ 0-1

[Event "Xtracon Open 2019"]
[Site "Helsingor"]
[Date "2019.07.21"]
[Round "3.6"]
[White "Sorensen, Bernhard W."]
[Black "Loveid, Erik"]
[Result "0-1"]
[WhiteElo "1567"]
[BlackElo "1799"]
[Annotator "NA"]
[PlyCount "102"]
[EventDate "2019.07.19"]
[EventType "swiss"]
[EventCountry "DEN"]
[SourceTitle "playchess.com"]
[Source "ChessBase"]
[SourceQuality "1"]

1. d4 d6 2. Bf4 g6 3. e3 Bg7 4. Bd3 Nd7 5. Nd2 e5 6. dxe5 dxe5 7. Bg3 Qe7 8. c3 Ngf6 9. Bh4 O-O 10. Ne4 Qe6 11. Nf3 Nxe4 12. Bxe4 Qg4 13. Qc2 Nc5 14. Bd5 Bf5 15. Qe2 e4 16. Bxe4 Bxe4 17. Bg3 Nd3+ 18. Kf1 c5 19. h3 Qe6 20. Ng5 Qd5 21. Nxe4 Qxe4 22. f3 Qc4 23. Kg1 Ne5 24. Qf2 Rfd8 25. Kh2 Rd7 26. Bh4 f6 27. f4 Nd3 28. Qe2 Qe4 29. Rad1 Rad8 30. Bg3 c4 31. Rhf1 Nc5 32. Rfe1 Rxd1 33. Rxd1 Rxd1 34. Qxd1 Qd3 35. Qf3 Ne4 36. Bf2 f5 37. Bh4 b5 38. a3 Qd6 39. Be1 g5 40. Kh1 gxf4 41. exf4 Qd3 42. Qh5 Qf1+ 43. Kh2 Qxf4+ 44. g3 Qe5 45. Qf3 h6 46. Qd1 Ng5 47. Kg2 Qe4+ 48. Kf1 Qf3+ 49. Qxf3 Nxf3 50. Bf2 a6 51. Ke2 Ne5 0-1

[Event "Xtracon Open 2019"]
[Site "Helsingor"]
[Date "2019.07.21"]
[Round "3.7"]
[White "Svane, Rasmus"]
[Black "Svane, Frederik"]
[Result "*"]
[WhiteElo "2615"]
[BlackElo "2334"]
[Annotator "RC"]
[PlyCount "59"]
[EventDate "2019.07.19"]
[EventType "swiss"]
[EventCountry "DEN"]
[SourceTitle "playchess.com"]
[Source "ChessBase"]
[SourceQuality "1"]

1. d4 Nf6 2. c4 e6 3. g3 d5 4. Bg2 Be7 5. Nf3 O-O 6. O-O dxc4 7. Qc2 a6 8. a4 Bd7 9. Qxc4 Bc6 10. Bf4 Bd6 11. Bg5 Nbd7 12. Nbd2 h6 13. Bxf6 Nxf6 14. Rfc1 Qe7 15. Qc2 Bxf3 16. Bxf3 c6 17. Nc4 Rad8 18. Rab1 Bc7 19. e3 Nd5 20. Rd1 Rd7 21. Rd2 Rfd8 22. Rbd1 Qb4 23. b3 Qc3 24. Bxd5 Qxc2 25. Rxc2 Rxd5 26. Rdc1 e5 27. dxe5 Bxe5 28. Kf1 Bf6 29. Ke2 Be7 30. Rd2 *